Pripravenosť slovenských subjektov cestovného ruchu na zavedenie informačných systémov do praxe
Nutnosť využívať tzv. vyspelé technológie, známe v medzinárodnej terminológii ako hightech, jednoznačne platí v odvetví cestovného ruchu (CR). Pod informačnými technológiami (IT) sa nemyslí iba vybavenie cestovných kancelárií, turistických informačných kancelárií, hotelov a ubytovacích zariadení poč...
Guardado en:
| Autor principal: | |
|---|---|
| Otros Autores: | , |
| Formato: | Capítulo de libro |
| Lenguaje: | eslovaco |
| Materias: | |
| Etiquetas: |
Sin Etiquetas, Sea el primero en etiquetar este registro!
|
MARC
| LEADER | 00000nla$a2200000$$$4500 | ||
|---|---|---|---|
| 001 | 0068777 | ||
| 005 | 20240613103419.4 | ||
| 041 | 0 | |a slo | |
| 044 | |a SK | ||
| 245 | 1 | 0 | |a Pripravenosť slovenských subjektov cestovného ruchu na zavedenie informačných systémov do praxe |c Branislav Kršák, Beáta Stehlíková, Peter Mesároš |
| 520 | |a Nutnosť využívať tzv. vyspelé technológie, známe v medzinárodnej terminológii ako hightech, jednoznačne platí v odvetví cestovného ruchu (CR). Pod informačnými technológiami (IT) sa nemyslí iba vybavenie cestovných kancelárií, turistických informačných kancelárií, hotelov a ubytovacích zariadení počítačovou technikou, ale najmä optimálnymi možnosťami ich prepojenia v intenciách medzinárodných trendov. Avšak vybavenie počítačovou technikou tvorí základňu pre zavádzanie informačných technológií. Prezentácia výsledkov prieskumu možností zavedenia a uplatňovania informačných technológií v organizáciách cestovného ruchu. | ||
| 610 | 2 | 0 | |a ruch cestovný |
| 610 | 2 | 0 | |a systémy informačné |
| 610 | 2 | 0 | |a technológie informačné |
| 610 | 2 | 0 | |a technológie nové |
| 610 | 2 | 0 | |a terminológia |
| 610 | 2 | 0 | |a podnik |
| 610 | 2 | 0 | |a riadenie podnikové |
| 100 | 1 | |a Kršák, Branislav | |
| 700 | 1 | |a Stehlíková, Beáta | |
| 700 | 1 | |a Mesároš, Peter | |